00650nam a22002177a 450000500170000001000130001702000100003003500130004003700160005304000120006908200160008110000170009724500830011426000330019727000350023030000330026550000510029865000390034965000240038870000200041220170124110227.0 aB-045722 c20.00 aB-045722 bCen Lib/Ret aDPLbEN a618.92bACH aAchar, S. T. aPediatrics in developing countries /cby S. T. Achar; edited by J. Viswanathan bOrient LongmanaMadrasc1973 bMadrasa36A Anna Salaie600002 axvii,688p. :c24cm(Hb)bill. aIncludes bibliographical references and index  aPediatrics -- Developing countries aPediatrics -- India aViswanathan, J.